000 00748nam a2200205Ii 4500
003 JO-AjNU
008 230605s9999||||xx |||||||||||||| ||und||
040 _aJO-AjNU
_bara
_erda
_cJO-AjNU
041 _aara
050 1 4 _aDS38.1.K3222 2015
100 3 _aتاليف الكعبي، عبد الحكيم,
_eauthor
_960300
245 0 0 _aموسوعة التاريخ الاسلامي:عصر الخلفاء الراشدين
250 _aطبعة مزيدة ومنقحة
264 3 1 _aعمان: دار اسامه للنشر، 2015
300 _a272ص
336 _atext
_btxt
_2rdacontent
337 _aunmediated
_bn
_2rdamedia
338 _avolume
_bnc
_2rdacarrier
650 4 _aالتاريخ الاسلامي-الخلفاء الراشدين
_960301
999 _aA27183
_c30751
_d30751